Statystyki dla Terytoria zależne od Francji

Kliknij tutaj aby rozwiązać quiz!

Ogólne statystyki

  • Ten quiz został rozwiązany 22 razy
  • Średni wynik to 7 z 13

Statystyki odpowiedzi

odpowiedź% Poprawnych
Gujana Francuska
88%
Martynika
69%
Polinezja Francuska
69%
Gwadelupa
63%
Reunion
63%
Nowa Kaledonia
56%
Francuskie Terytoria Południowe i Antarktyczne
44%
Majotta
44%
Saint-Barthélemy
38%
Saint-Martin
38%
Saint-Pierre i Miquelon
38%
Wallis i Futuna
38%
Wyspa Clippertona
19%

Rozkład punktacji

Percentyl według liczby udzielonych odpowiedzi

Procent ludzi z każdym wynikiem

Twoja historia wyników

Nie rozwiązałeś tego quizu